| 000 | 00332nam a2200109Ia 4500 | ||
|---|---|---|---|
| 008 | 171211s9999 xx 000 0 und d | ||
| 245 | _aIndustrial Clustering, Firm Performance and Employee Welfare | ||
| 245 | _cTigabu Degu Getahun | ||
| 260 | _c2016 | ||
| 650 | _xBUSINESS | ||
| 856 | _uhttp://down.ebook777.com/064/9783631667446.pdf | ||
| 999 |
_c349434 _d349434 |
||